[Event "Moscow op-B"]
[Site "Moscow"]
[Date "2009.11.20"]
[Round "1"]
[White "Kasyanov, Aysen"]
[Black "Lavrischev, Anatoliy"]
[Result "1-0"]
[WhiteElo "2257"]
[BlackElo "1981"]
[PlyCount "87"]
[EventDate "2009.01.31"]
[EventType "swiss"]
[EventRounds "9"]
[EventCountry "RUS"]
[SourceTitle "EXT 2012"]
[Source "ChessBase"]
[SourceDate "2011.11.24"]
[SourceVersion "1"]
[SourceVersionDate "2011.11.24"]
[SourceQuality "1"]

1. d4 b6 2. c4 Bb7 3. Nc3 e6 4. Nf3 Nf6 5. Bg5 Be7 6. e3 0-0 7. Bd3 d5 8. 0-0 Nbd7 9. Rc1 c5 10. Qe2 Rc8 11. Rfd1 cxd4 12. Nxd4 Ne5 13. cxd5 Nxd3 14. Qxd3 Nxd5 15. Bxe7 Nxe7 16. Qe2 Nd5 17. Qg4 Nf6 18. Qg3 Qe7 19. Ncb5 Bd5 20. Nd6 Rxc1 21. Rxc1 Ne4 22. Nxe4 Bxe4 23. Qe5 Qb7 24. Rc7 Qd5 25. Qxd5 Bxd5 26. Rxa7 Rc8 27. f3 g6 28. e4 e5 29. exd5 exd4 30. d6 Rd8 31. d7 Kf8 32. Kf2 Ke7 33. Ke2 Kd6 34. Kd3 Kc5 35. a4 f5 36. f4 h6 37. h4 b5 38. a5 b4 39. Rb7 Kc6 40. a6 Ra8 41. Kxd4 Kd6 42. a7 Kc6 43. Rb8 Rxa7 44. d8Q 1-0

[Event "Moscow op-B"]
[Site "Moscow"]
[Date "2009.02.07"]
[Round "8"]
[White "Lisinov, Viacheslav"]
[Black "Kasyanov, Aysen"]
[Result "1-0"]
[WhiteElo "2129"]
[BlackElo "2257"]
[PlyCount "87"]
[EventDate "2009.01.31"]
[EventType "swiss"]
[EventRounds "9"]
[EventCountry "RUS"]
[SourceTitle "EXT 2012"]
[Source "ChessBase"]
[SourceDate "2011.11.24"]
[SourceVersion "1"]
[SourceVersionDate "2011.11.24"]
[SourceQuality "1"]

1. e4 e5 2. Nf3 Nc6 3. Bc4 Nf6 4. d4 exd4 5. e5 d5 6. Bb5 Ne4 7. Nxd4 Bd7 8. Bxc6 bxc6 9. 0-0 Bc5 10. Be3 0-0 11. f3 Ng5 12. c3 Qe7 13. Re1 f6 14. Bxg5 fxg5 15. Nd2 Rf5 16. N2b3 Bb6 17. e6 Be8 18. Kh1 Rf6 19. Qe2 c5 20. Nc2 Bg6 21. Ne3 c6 22. Ng4 Rff8 23. Ne5 Qxe6 24. Qd2 Rae8 25. Nxg6 Qxg6 26. Rxe8 Rxe8 27. Re1 h6 28. Rxe8+ Qxe8 29. g3 Qe5 30. Kg2 c4 31. Nd4 Bxd4 32. cxd4 Qe7 33. Kf2 c5 34. Qe3 Qf6 35. dxc5 Qxb2+ 36. Ke1 Qb1+ 37. Kd2 Qxa2+ 38. Kc1 Qa1+ 39. Kc2 Qa4+ 40. Kc1 Qc6 41. Kd2 Qg6 42. Kc3 Qd3+ 43. Qxd3 cxd3 44. c6 1-0

[Event "Moscow op-B"]
[Site "Moscow"]
[Date "2009.02.04"]
[Round "5"]
[White "Kasyanov, Aysen"]
[Black "Andronov, Ilya"]
[Result "1-0"]
[WhiteElo "2257"]
[BlackElo "2091"]
[PlyCount "87"]
[EventDate "2009.01.31"]
[EventType "swiss"]
[EventRounds "9"]
[EventCountry "RUS"]
[SourceTitle "EXT 2012"]
[Source "ChessBase"]
[SourceDate "2011.11.24"]
[SourceVersion "1"]
[SourceVersionDate "2011.11.24"]
[SourceQuality "1"]

1. d4 Nf6 2. c4 e6 3. Nc3 Bb4 4. a3 Bxc3+ 5. bxc3 c5 6. Nf3 Nc6 7. e3 d6 8. Be2 e5 9. 0-0 0-0 10. a4 Ne4 11. Bd3 Nf6 12. Ng5 Re8 13. Ne4 exd4 14. Nxf6+ Qxf6 15. cxd4 Nb4 16. Bb1 b6 17. a5 Ba6 18. Qa4 Bxc4 19. axb6 Bxf1 20. Kxf1 Qd8 21. bxa7 Re7 22. Qd1 Qb6 23. Qf3 d5 24. dxc5 Qxc5 25. Bb2 Nc6 26. Qf5 f6 27. Qxh7+ Kf8 28. Bg6 Qc4+ 29. Kg1 d4 30. Rc1 Qg8 31. Qxg8+ Kxg8 32. Rxc6 Rexa7 33. h4 dxe3 34. fxe3 Rb7 35. Bd4 Rbb8 36. Rc7 Rc8 37. Rf7 Ra5 38. Kf2 Rb5 39. Kf3 Ra5 40. g4 Rb5 41. g5 fxg5 42. Rxg7+ Kf8 43. Rf7+ Kg8 44. Rh7 1-0

[Event "Moscow op-B"]
[Site "Moscow"]
[Date "2009.02.03"]
[Round "4"]
[White "Tappyrov, Maksim"]
[Black "Kasyanov, Aysen"]
[Result "1/2-1/2"]
[WhiteElo "2101"]
[BlackElo "2257"]
[PlyCount "26"]
[EventDate "2009.01.31"]
[EventType "swiss"]
[EventRounds "9"]
[EventCountry "RUS"]
[SourceTitle "EXT 2012"]
[Source "ChessBase"]
[SourceDate "2011.11.24"]
[SourceVersion "1"]
[SourceVersionDate "2011.11.24"]
[SourceQuality "1"]

1. e4 e5 2. Nf3 Nc6 3. Bc4 Nf6 4. d3 Be7 5. Nc3 d6 6. h3 0-0 7. 0-0 Na5 8. Bb3 Nxb3 9. axb3 a6 10. Nh2 d5 11. exd5 Nxd5 12. Nxd5 Qxd5 13. f4 Bc5+ 1/2-1/2

[Event "Moscow op-B"]
[Site "Moscow"]
[Date "2009.02.01"]
[Round "3"]
[White "Kasyanov, Aysen"]
[Black "Paravyan, David"]
[Result "1-0"]
[WhiteElo "2257"]
[BlackElo "2021"]
[PlyCount "66"]
[EventDate "2009.01.31"]
[EventType "swiss"]
[EventRounds "9"]
[EventCountry "RUS"]
[SourceTitle "EXT 2012"]
[Source "ChessBase"]
[SourceDate "2011.11.24"]
[SourceVersion "1"]
[SourceVersionDate "2011.11.24"]
[SourceQuality "1"]

1. d4 d5 2. c4 e6 3. Nc3 Nf6 4. Bg5 c6 5. e3 Be7 6. Nf3 Nbd7 7. Bd3 dxc4 8. Bxc4 b5 9. Bd3 Bb7 10. 0-0 a6 11. Rc1 Rc8 12. Bb1 c5 13. Qe2 b4 14. Na4 cxd4 15. Nxd4 0-0 16. Rfd1 Qa5 17. Bxf6 Nxf6 18. b3 Qg5 19. f4 Qg4 20. Nb6 Qxe2 21. Nxe2 Rxc1 22. Rxc1 Rb8 23. Nd4 Bd8 24. Na4 Rc8 25. Rxc8 Bxc8 26. Nc6 Bd7 27. Nxd8 Nd5 28. Bd3 Nxe3 29. Bxa6 Nd5 30. Nc5 Be8 31. Nd3 Kf8 32. Bc4 Ke7 33. Bxd5 exd5 1-0